000 00494nam a2200181Ia 4500
005 20250326124151.0
008 250326s9999 xx 000 0 und d
037 _aTextbook
040 _aFMSL
_beng
_cFMSL
041 _aeng
_2eng
084 _ax:51 L2
_qFMSL
100 _aCohen J B
_9736909
245 0 _aBehavioral science foundations of consumer behavior
_cCohen J B
260 _aNY
_bNY, Free
_c1972
300 _a472p
942 _cTB
_hx:51 L2
999 _c1272565
_d1272565